I know it won't work lyrics - Gracie Abrams - Statistics

General Stats
  • This quiz has been taken 82 times
  • The average score is 358 of 409
Answer Stats
Hint Answer % Correct
Bridge | Verse 1 I
100%
you
98%
You
98%
it
97%
it?
97%
know
97%
like
97%
that
97%
That
97%
the
97%
The
97%
wont?
97%
won't
97%
work
97%
a
95%
and
93%
And
93%
back
93%
But
93%
but
93%
here
93%
me
93%
to
93%
we
93%
your
93%
All
91%
all
91%
away
91%
different
91%
feelin'
91%
hate
91%
left
91%
of
91%
on
91%
part
91%
really
91%
'til
91%
walk
91%
want
91%
wants
91%
when
91%
at
90%
look
90%
'Cause
88%
empty
88%
face
88%
In
88%
listen
88%
make
88%
my
88%
never
88%
we're
88%
Why
88%
you're
88%
cut
86%
easy
86%
if
86%
keep
86%
might
86%
through
86%
ties
86%
try
86%
case
84%
closet
84%
extra
84%
movin'
84%
once?
84%
twenties
84%
What
84%
am
83%
for
83%
leavin'
83%
out
83%
stay
83%
this
83%
How
81%
not
81%
supposed
81%
year
81%
come
79%
gently?
79%
Heard
79%
until
79%
will
79%
love
78%
put
78%
throughout
78%
i'm
76%
I'm
76%
resent
76%
huh?
74%
time
74%
down
72%
road
72%
don't
69%
now
69%
savin'?
69%
Worth
69%
breath
67%
half
67%
is
67%
Verse 2 Ive
67%
was
67%
had
66%
house
66%
thought
66%
anxious
64%
haunted
64%
it's
64%
off
64%
right
64%
Tried
64%
ghost
62%
Verse 3 I'll
62%
lot
62%
call
60%
decade
60%
fadin'
60%
shine
60%
Just
59%
open
59%
pacin'
59%
up
59%
bein'
57%
better
57%
tough
57%
wish
57%
brush
55%
complicated
55%
Holdin'
55%
honest
55%
facade
53%
So
53%
stop
53%
whole
53%
fall
52%
wasn't
52%
everythin'
50%
Seemed
50%
thinkin'
48%
apart
47%
makes
12%
No matching quizzes found
Score Distribution
Percent of People with Each Score
Percentile by Number Answered
Your Score History
You have not taken this quiz